| 000 | 00714nam a2200181 4500 | ||
|---|---|---|---|
| 999 |
_c5938 _d5938 |
||
| 008 | 161202b xxu||||| |||| 00| 0 eng d | ||
| 022 | _a00014826 | ||
| 082 | _aDPer 657.05 Ac27 Jan 2016 v. 91 n1 | ||
| 100 |
_918015 _aDeFond, Mark L. |
||
| 245 |
_aClient conservatism and auditor-client contracting/ _cMark L. DeFond, Chee Yeow Lim and Yoonseok Zang. |
||
| 260 |
_aSarasota, Florida: _bAmerican Accounting Association, _c ©2016. |
||
| 300 |
_av91 n1, pages 69-98; _c28 cm. |
||
| 500 | _aThe Accounting review: a journal of American accounting association. | ||
| 650 | 0 |
_918016 _aCustomer relations |
|
| 700 |
_918017 _aLim, Chee Yeow _eAuthor |
||
| 700 |
_918018 _aZang, Yoonseok _eAuthor |
||
| 942 |
_2ddc _cPER |
||